000 01432 a2200217 4500
020 _a0471150274
020 _a9780471150275
082 0 4 _a621
090 _c1744
_d1744
100 1 _aMeriam, J. L.
245 1 0 _aSolving statics problems with mathcad /
_cJ. L. Meriam.
250 _a5th ed.
260 _a[S.l.] :
_bWiley,
_c2001.
300 _a128 p. ;
_c25 cm.
500 _aPaperback.
520 _aOver the past 50 years, Meriam & Kraige's Engineering Mechanics: Statics has established a highly respected tradition of Excellence—A Tradition that emphasizes accuracy, rigor, clarity, and applications. Now completely revised, redesigned, and modernized, the fifth edition of this classic text builds on these strengths, adding new problems and a more accessible, student-friendly presentation. Solving Statics Problems with MathCAD If MathCAD is the computer algebra system you need to use for your engineering calculations and graphical output, this reference will be a valuable tutorial for your studies.  Written as a guidebook for students in the Engineering Statics class, it will help you with your engineering assignments throughout the cours
700 _aKraige, L.
856 _3Amazon.com
_uhttp://www.amazon.com/exec/obidos/ASIN/0471150274/chopaconline-
856 _3Amazon customer reviews
_uhttp://www.chopac.org/cgi-bin/tools/azrev.pl?q=04711502
942 _aNBS
_cBK
_k620.103 HAR
999 _c344258
_d344258